[Event "9eme Open International de La Fere"]
[Site "La Fere (FRA)"]
[Date "2010.??.??"]
[Round "5.7"]
[White "Caloone, Thomas"]
[Black "Forthofer, Robert"]
[Result "0-1"]
[WhiteElo "1599"]
[BlackElo "2303"]
[PlyCount "36"]
[EventDate "2010.??.??"]

1. e4 e6 2. d4 d5 3. exd5 exd5 4. Nc3 Nf6 5. Bg5 Be7 6. Be2 O-O 7. Qd3 Re8 8.
O-O-O c6 9. Bf3 Qa5 10. Re1 Nbd7 11. h4 b5 12. Kb1 b4 13. Nd1 b3 14. Nc3 bxa2+
15. Ka1 Rb8 16. Nge2 Ba6 17. Qd1 Rxb2 18. Bf4 Bxe2 0-1

[Event "9eme Open International de La Fere"]
[Site "La Fere (FRA)"]
[Date "2010.??.??"]
[Round "5.8"]
[White "Dal Borgo, Albin"]
[Black "Billon, Olivier"]
[Result "0-1"]
[WhiteElo "2204"]
[BlackElo "2129"]
[PlyCount "84"]
[EventDate "2010.??.??"]

1. d4 Nf6 2. Nf3 g6 3. Nc3 d5 4. Bf4 Bg7 5. e3 O-O 6. Be2 Nh5 7. Bg5 h6 8. Bh4
g5 9. Nd2 Nf4 10. exf4 gxh4 11. Nf3 e6 12. Qd2 b6 13. O-O-O c5 14. g3 h3 15. g4
Nc6 16. g5 hxg5 17. Rhg1 cxd4 18. Nb5 f6 19. Nbxd4 Nxd4 20. Nxd4 Qd6 21. fxg5
f5 22. f4 Bd7 23. Rg3 e5 24. fxe5 Bxe5 25. Rf3 f4 26. Rg1 Qc5 27. c3 Rac8 28.
Kb1 Bf5+ 29. Bd3 Bxd4 30. cxd4 Qxd4 31. Rd1 Be4 32. Bxe4 Qxe4+ 33. Qd3 Rc4 34.
Ka1 Qxd3 35. Rfxd3 f3 36. Kb1 f2 37. Rf1 Rg4 38. Kc2 Rg1 39. Rdd1 Rg2 40. Rd3
Re8 41. Kd2 Re1 42. Rxe1 fxe1=Q+ 0-1

[Event "9eme Open International de La Fere"]
[Site "La Fere (FRA)"]
[Date "2010.??.??"]
[Round "5.11"]
[White "Rigolot, Lucie"]
[Black "Bardoux, Thierry"]
[Result "1-0"]
[WhiteElo "1902"]
[BlackElo "2169"]
[PlyCount "97"]
[EventDate "2010.??.??"]

1. e4 c5 2. Nf3 d6 3. d4 Nf6 4. Nc3 cxd4 5. Nxd4 a6 6. Bc4 e6 7. O-O b5 8. Bb3
Be7 9. Re1 O-O 10. f4 b4 11. Na4 Bd7 12. f5 e5 13. Nf3 Bc6 14. Qd3 Qa5 15. a3
bxa3 16. Bd2 Qc7 17. bxa3 d5 18. exd5 Bxa4 19. Bxa4 e4 20. Rxe4 Nxe4 21. Qxe4
Bc5+ 22. Kf1 Nd7 23. Bc6 Rab8 24. Qc4 Bd6 25. Qxa6 Ne5 26. Ba5 Qe7 27. Re1 Qf6
28. Nxe5 Bxe5 29. Qd3 Bxh2 30. g3 Bxg3 31. Qxg3 Qxf5+ 32. Qf2 Qh3+ 33. Qg2 Qxa3
34. Bc7 Rbc8 35. d6 Qa6+ 36. Kg1 Qa7+ 37. Kh1 Rxc7 38. dxc7 Qxc7 39. Qe4 g6 40.
c4 Qg3 41. Re3 Qg5 42. Bd5 Qh5+ 43. Kg2 Qg5+ 44. Kf2 Qf6+ 45. Rf3 Qb2+ 46. Kg3
Qb8+ 47. Qf4 Qa7 48. c5 h5 49. Qd6 1-0

[Event "9eme Open International de La Fere"]
[Site "La Fere (FRA)"]
[Date "2010.??.??"]
[Round "5.12"]
[White "Dumas, Victor"]
[Black "Thomas, Olivier"]
[Result "1-0"]
[WhiteElo "1865"]
[BlackElo "2060"]
[PlyCount "69"]
[EventDate "2010.??.??"]

1. e4 c5 2. d4 cxd4 3. c3 dxc3 4. Nxc3 a6 5. Nf3 e6 6. Bf4 d6 7. Qd2 Nc6 8. Rd1
e5 9. Bg5 f6 10. Be3 Be6 11. Nd5 Bxd5 12. Qxd5 Nge7 13. Qe6 Qd7 14. Qxd6 Qxd6
15. Rxd6 Nf5 16. Re6+ Nfe7 17. Rd6 Nb4 18. Bc4 Nc2+ 19. Kd2 Nxe3 20. fxe3 Nc6
21. Rd3 Nb4 22. Rb3 O-O-O+ 23. Ke2 Nxa2 24. Be6+ Kb8 25. Ra1 Nb4 26. Ra4 Nc6
27. Rxa6 Rd6 28. Bd5 Nd4+ 29. exd4 Rxa6 30. Rxb7+ Kc8 31. dxe5 Ra5 32. Rf7 fxe5
33. Nxe5 Bc5 34. Be6+ Kb8 35. Nc6+ 1-0

[Event "9eme Open International de La Fere"]
[Site "La Fere (FRA)"]
[Date "2010.??.??"]
[Round "5.13"]
[White "Mataigne, Jean-Michel"]
[Black "Waquet, Frederic"]
[Result "1/2-1/2"]
[WhiteElo "2054"]
[BlackElo "1976"]
[PlyCount "52"]
[EventDate "2010.??.??"]

1. e4 e6 2. d4 d5 3. e5 c5 4. c3 Nc6 5. Nf3 Qb6 6. a3 c4 7. Nbd2 Na5 8. Be2 Bd7
9. O-O O-O-O 10. Re1 f6 11. Nf1 Kb8 12. g3 Ka8 13. Ne3 Ne7 14. Ng2 Nb3 15. Ra2
Nc6 16. exf6 gxf6 17. Nf4 Bd6 18. Bf1 Rde8 19. Bh3 Nxc1 20. Qxc1 Bxf4 21. gxf4
Na5 22. Qc2 Nb3 23. Qe2 Qd6 24. Qe3 Qe7 25. Kh1 Rhg8 26. f5 e5 1/2-1/2

[Event "9eme Open International de La Fere"]
[Site "La Fere (FRA)"]
[Date "2010.??.??"]
[Round "5.14"]
[White "Timmermans, Eric"]
[Black "Derigny, Philippe"]
[Result "1/2-1/2"]
[WhiteElo "1825"]
[BlackElo "1986"]
[PlyCount "163"]
[EventDate "2010.??.??"]

1. c4 e5 2. Nc3 d6 3. g3 f5 4. Bg2 c6 5. d3 Nf6 6. Nf3 Be7 7. O-O O-O 8. b4 Qc7
9. Qb3 Kh8 10. Bb2 Be6 11. Qc2 Nbd7 12. e3 Rab8 13. Nd2 a6 14. a4 d5 15. b5 e4
16. Ne2 exd3 17. Qxd3 Ne4 18. Nf4 Bg8 19. cxd5 Ndc5 20. Qc2 cxd5 21. Nxe4 dxe4
22. Nh5 Bf6 23. Nxf6 gxf6 24. Qc3 axb5 25. Qxf6+ Rxf6 26. Bxf6+ Qg7 27. Bxg7+
Kxg7 28. axb5 b6 29. Ra7+ Kf6 30. Rc1 Rd8 31. Bf1 Rd2 32. Raa1 Bb3 33. Rab1 Ba4
34. Rxc5 bxc5 35. b6 Rd8 36. b7 Rb8 37. Ba6 Ke5 38. Rb6 Kd5 39. Rf6 Bd7 40. Kf1
c4 41. Ke2 Kc5 42. Kd2 Kb4 43. Rd6 c3+ 44. Kc1 Ba4 45. Rd5 Bb3 46. Rb5+ Ka3 47.
Rb6 Rd8 48. Be2 c2 49. Ra6+ Ba4 50. Rxa4+ Kxa4 51. Kxc2 Rb8 52. Kc3 Rxb7 53.
Kd4 Rb2 54. Ba6 Rxf2 55. Bc8 Kb4 56. h3 Kb3 57. g4 fxg4 58. Bxg4 Kb4 59. Kxe4
Kc4 60. Ke5 Rf8 61. Bf5 h6 62. e4 Rd8 63. h4 Rd6 64. Kf4 Rd4 65. Kg4 Rd1 66.
Bg6 Kd4 67. Kf5 Rf1+ 68. Ke6 Rf4 69. h5 Rf2 70. Bf5 Rh2 71. Bg6 Rf2 72. Kd6
Rf6+ 73. Ke7 Ke5 74. Bf5 Rxf5 75. exf5 Kxf5 76. Kd6 Kg5 77. Ke5 Kxh5 78. Kf5
Kh4 79. Kf4 Kh3 80. Kf3 h5 81. Kf2 Kh2 82. Kf1 1/2-1/2

[Event "9eme Open International de La Fere"]
[Site "La Fere (FRA)"]
[Date "2010.07.06"]
[Round "5.15"]
[White "Molet, Asher"]
[Black "Lebon, Joffrey"]
[Result "1/2-1/2"]
[WhiteElo "1830"]
[BlackElo "2026"]
[PlyCount "96"]
[EventDate "2010.??.??"]

1. d4 Nf6 2. Nf3 e6 3. Bg5 Be7 4. e3 O-O 5. Bd3 d5 6. Nbd2 Nbd7 7. c3 Re8 8.
Ne5 Nf8 9. O-O N6d7 10. Bxe7 Qxe7 11. f4 f6 12. Nxd7 Bxd7 13. Qf3 f5 14. Qg3 a6
15. Nf3 Bb5 16. Bxb5 axb5 17. a3 Nd7 18. Qh4 Qxh4 19. Nxh4 Ra6 20. Nf3 Rea8 21.
Rac1 Nf6 22. h3 Ne4 23. g4 Nd6 24. Ne5 Nc4 25. Nxc4 bxc4 26. Kh2 Rb6 27. Rc2
Ra5 28. Rg2 Rab5 29. Rff2 Kf7 30. Kg3 c5 31. h4 Rc6 32. h5 Ra5 33. Kh4 Kf6 34.
g5+ Ke7 35. Rc2 b5 36. Rge2 Rc7 37. Kg3 b4 38. axb4 cxb4 39. Kf2 Rb7 40. Re1
Ra2 41. Ree2 Ra1 42. Re1 Rxe1 43. Kxe1 bxc3 44. bxc3 Rb1+ 45. Kd2 Rh1 46. Rb2
Rh2+ 47. Kc1 Rxh5 48. Rb7+ Kd6 1/2-1/2

[Event "9eme Open International de La Fere"]
[Site "La Fere (FRA)"]
[Date "2010.07.06"]
[Round "5.16"]
[White "Dernoncourt, Christophe"]
[Black "Deneuville, Ludovic"]
[Result "0-1"]
[WhiteElo "1706"]
[BlackElo "1968"]
[PlyCount "58"]
[EventDate "2010.??.??"]

1. d4 Nf6 2. c4 c5 3. d5 b5 4. b3 g6 5. Bb2 bxc4 6. bxc4 d6 7. e4 Bg7 8. Nd2
O-O 9. Rb1 Qa5 10. Bxf6 Bxf6 11. Qb3 Nd7 12. Ngf3 Rb8 13. Qc2 Rxb1+ 14. Qxb1
Ba6 15. Bd3 Rb8 16. Qd1 Qxa2 17. O-O Rb4 18. Ne1 Rb2 19. Nef3 Bc3 20. Nb1 Bg7
21. Nbd2 Nb6 22. Bb1 Qa5 23. Bd3 Bh6 24. Re1 Bxd2 25. Re2 Bc3 26. Rxb2 Bxb2 27.
Nd2 Qc3 28. Nb1 Qc1 29. Qxc1 Bxc1 0-1

[Event "9eme Open International de La Fere"]
[Site "La Fere (FRA)"]
[Date "2010.07.06"]
[Round "5.17"]
[White "Pytel, Bozena"]
[Black "Nicolas, Christian"]
[Result "1-0"]
[WhiteElo "1964"]
[BlackElo "1830"]
[PlyCount "85"]
[EventDate "2010.??.??"]

1. Nf3 Nc6 2. d4 e6 3. c3 Nf6 4. Bg5 d5 5. Nbd2 Be7 6. e3 h6 7. Bh4 Bd7 8. Bd3
O-O 9. O-O Bd6 10. e4 dxe4 11. Nxe4 Be7 12. Qe2 Nd5 13. Bxe7 Qxe7 14. Bc2 e5
15. Nc5 Rfe8 16. Nxd7 Qxd7 17. Nxe5 Qd6 18. f4 Re7 19. Qd3 Nf6 20. a3 Qd5 21.
b4 Rae8 22. a4 Rd8 23. a5 Nxb4 24. cxb4 Qxd4+ 25. Qxd4 Rxd4 26. Rab1 Nd5 27.
Rbd1 Nxf4 28. Rxf4 Rxd1+ 29. Bxd1 Rxe5 30. Bb3 Re7 31. Kf2 g5 32. Rc4 Kg7 33.
Rc5 Kf6 34. Kf3 h5 35. h3 g4+ 36. hxg4 hxg4+ 37. Kf4 c6 38. b5 cxb5 39. Rxb5 g3
40. Kxg3 Kg6 41. Kf4 f6 42. Bc2+ Kg7 43. Be4 1-0

[Event "9eme Open International de La Fere"]
[Site "La Fere (FRA)"]
[Date "2010.07.06"]
[Round "5.18"]
[White "Matschek, Norbert"]
[Black "Ben Porat, Zeev"]
[Result "0-1"]
[WhiteElo "1683"]
[BlackElo "1956"]
[PlyCount "47"]
[EventDate "2010.??.??"]

1. e4 c5 2. Nc3 Nc6 3. f4 g6 4. Nf3 Bg7 5. Bc4 e6 6. O-O Nge7 7. Bb3 O-O 8. d3
d5 9. exd5 exd5 10. Qe1 a6 11. a4 Qd6 12. Qh4 Nd4 13. Nxd4 Bxd4+ 14. Kh1 Bd7
15. g4 c4 16. Ba2 Bf6 17. h3 Bxc3 18. bxc3 d4 19. Kg1 Qd5 20. Qg3 b5 21. cxd4
Rfe8 22. Bb2 Nf5 23. gxf5 Re2 24. Rf2 0-1

[Event "9eme Open International de La Fere"]
[Site "La Fere (FRA)"]
[Date "2010.07.06"]
[Round "5.19"]
[White "Mestdagh, Franck"]
[Black "Brugge, Bruno"]
[Result "1-0"]
[WhiteElo "1944"]
[BlackElo "1730"]
[PlyCount "70"]
[EventDate "2010.??.??"]

1. d4 Nf6 2. Nf3 g6 3. g3 Bg7 4. Bg2 O-O 5. O-O d6 6. c4 c5 7. Nc3 a6 8. e4 Bg4
9. Be3 cxd4 10. Qxd4 Nc6 11. Qd2 Rc8 12. b3 Qd7 13. Rac1 Bh3 14. Rfd1 Bxg2 15.
Kxg2 Qc7 16. Nd5 Qb8 17. Nb6 Rcd8 18. Qc2 Ng4 19. Bf4 Nce5 20. Nxe5 Nxe5 21. f3
Nd7 22. Nd5 Rde8 23. Nxe7+ Rxe7 24. Bxd6 Qc8 25. Bxe7 Re8 26. Bg5 Ne5 27. Rd5
h5 28. Rcd1 Nxf3 29. Kxf3 Qg4+ 30. Kg2 Rxe4 31. R1d2 f6 32. Bh4 g5 33. Rd8+ Kh7
34. Bxg5 fxg5 35. Re8 h4 1-0

[Event "9eme Open International de La Fere"]
[Site "La Fere (FRA)"]
[Date "2010.07.06"]
[Round "5.20"]
[White "Meuriot, Philippe"]
[Black "Meunier, Samuel"]
[Result "0-1"]
[WhiteElo "1561"]
[BlackElo "1944"]
[PlyCount "68"]
[EventDate "2010.??.??"]

1. e4 c5 2. Nf3 d6 3. d4 cxd4 4. Nxd4 Nf6 5. Nc3 a6 6. a4 b6 7. Bd3 Bb7 8. O-O
e6 9. Be3 Be7 10. Qe2 Nbd7 11. Nb3 O-O 12. f4 Qc7 13. Rad1 Nc5 14. Nxc5 bxc5
15. b3 Rfe8 16. f5 exf5 17. exf5 d5 18. Bf4 Bd6 19. Bxd6 Qxd6 20. Qf3 Re7 21.
Rfe1 Rae8 22. Rxe7 Rxe7 23. Nb1 d4 24. Qh3 Re3 25. Qh4 Qd5 26. Rd2 h6 27. Na3
Ne4 28. Bxe4 Rxe4 29. Qf2 Qe5 30. Qg3 Qxf5 31. Nc4 Rf4 32. h3 Rf1+ 33. Kh2 Qf4
34. Re2 Rh1+ 0-1

[Event "9eme Open International de La Fere"]
[Site "La Fere (FRA)"]
[Date "2010.07.06"]
[Round "5.22"]
[White "Calonne, Pascal"]
[Black "Rouffignac, Tanguy"]
[Result "0-1"]
[WhiteElo "1559"]
[BlackElo "1891"]
[PlyCount "84"]
[EventDate "2010.??.??"]

1. Nf3 Nf6 2. d4 g6 3. Nc3 d5 4. Bf4 Bg7 5. g3 O-O 6. Bg2 Na6 7. Qd2 Re8 8. Be5
Ne4 9. Nxe4 dxe4 10. Ng1 Bxe5 11. dxe5 Qxd2+ 12. Kxd2 Bf5 13. Ke3 Nb4 14. Rc1
Nxa2 15. Ra1 Nb4 16. Rc1 Nd5+ 17. Kd2 Rad8 18. Ke1 f6 19. e6 c6 20. e3 Nc7 21.
h4 h5 22. Bh3 Bxh3 23. Nxh3 Nxe6 24. Nf4 Nxf4 25. gxf4 Kf7 26. Ke2 Rd6 27. f3
exf3+ 28. Kxf3 Rd2 29. Rhg1 Red8 30. Rg2 Rxg2 31. Kxg2 Rd2+ 32. Kf3 a5 33. e4
a4 34. Kg3 b5 35. Kf3 Ke6 36. b3 a3 37. Ra1 b4 38. Rc1 a2 39. Kg3 Rxc2 40. Rxc2
a1=Q 41. Rxc6+ Kd7 42. Rc4 Qc3+ 0-1

[Event "9eme Open International de La Fere"]
[Site "La Fere (FRA)"]
[Date "2010.07.06"]
[Round "5.23"]
[White "Sivertsen, Aage"]
[Black "Vernede, Victor"]
[Result "1-0"]
[WhiteElo "1876"]
[BlackElo "1671"]
[PlyCount "47"]
[EventDate "2010.??.??"]

1. e4 e6 2. d4 d5 3. e5 c5 4. c3 Nc6 5. Nf3 Qb6 6. Bd3 Bd7 7. O-O cxd4 8. cxd4
Nxd4 9. Nxd4 Qxd4 10. Nc3 Qxe5 11. Re1 Qd6 12. Nb5 Qb8 13. Qf3 Bd6 14. Qxd5
Bxh2+ 15. Kh1 Bc7 16. Bd2 a6 17. Nxc7+ Qxc7 18. Ba5 Qc6 19. Qg5 Ne7 20. Bb4 O-O
21. Bxe7 h6 22. Qg3 Rfc8 23. Bf6 g5 24. Qh3 1-0

[Event "9eme Open International de La Fere"]
[Site "La Fere (FRA)"]
[Date "2010.07.06"]
[Round "5.24"]
[White "Laufer, Maurice"]
[Black "Cardon, Pierre"]
[Result "0-1"]
[WhiteElo "1524"]
[BlackElo "1871"]
[PlyCount "77"]
[EventDate "2010.??.??"]

1. f4 d5 2. Nf3 Nf6 3. e3 c5 4. d3 Nc6 5. Be2 Qc7 6. O-O Bf5 7. b3 e6 8. Bb2
Be7 9. a3 Rd8 10. d4 Ng4 11. Qd2 Bxc2 12. h3 Bxb1 13. Raxb1 Nf6 14. Bd3 Ne4 15.
Bxe4 dxe4 16. Ne5 Nxe5 17. fxe5 Qxe5 18. Qe2 cxd4 19. Bxd4 Rxd4 20. exd4 Qxd4+
21. Kh1 O-O 22. Rbd1 Qe5 23. Rd4 Bxa3 24. Rb1 Bb4 25. Rc1 f5 26. Rcc4 a5 27.
Qc2 h6 28. Rc8 b6 29. Rxf8+ Kxf8 30. Qc8+ Kf7 31. Qd7+ Kg6 32. Qe8+ Kh7 33. Qh5
Qg3 34. Rd1 Bd6 35. Rxd6 Qxd6 36. g4 Qd1+ 37. Kh2 Qe2+ 38. Kg1 Qe3+ 39. Kh2 0-1

[Event "9eme Open International de La Fere"]
[Site "La Fere (FRA)"]
[Date "2010.07.06"]
[Round "5.25"]
[White "Vandervorst, Marc"]
[Black "Paillard, Maximilien"]
[Result "1/2-1/2"]
[WhiteElo "1865"]
[BlackElo "1578"]
[PlyCount "62"]
[EventDate "2010.??.??"]

1. e4 Nc6 2. d4 d5 3. e5 Bf5 4. Nf3 e6 5. Bd3 Bg6 6. O-O Nge7 7. c3 Qd7 8. Bb5
a6 9. Ba4 f6 10. Nbd2 Bf7 11. Re1 O-O-O 12. Nf1 Ng6 13. b4 fxe5 14. dxe5 d4 15.
b5 axb5 16. Bxb5 Qd5 17. c4 Qc5 18. Qa4 Na7 19. Qb3 Nxb5 20. Qxb5 Qxb5 21. cxb5
h6 22. a4 Bc5 23. Ba3 Bb6 24. Bb4 Nf4 25. a5 Ba7 26. b6 cxb6 27. Be7 Rde8 28.
Bd6 Kd7 29. axb6 Bxb6 30. Rab1 Nd5 31. Nxd4 Bg6 1/2-1/2

[Event "9eme Open International de La Fere"]
[Site "La Fere (FRA)"]
[Date "2010.07.06"]
[Round "5.26"]
[White "Daniel, Antoine"]
[Black "Barbry, Quentin"]
[Result "1/2-1/2"]
[WhiteElo "1863"]
[BlackElo "1565"]
[PlyCount "105"]
[EventDate "2010.??.??"]

1. e4 e5 2. Nf3 Nc6 3. d4 exd4 4. Nxd4 Bc5 5. Be3 Qf6 6. c3 Nge7 7. f3 d5 8.
Nxc6 Qxc6 9. Qb3 O-O 10. Bxc5 Qxc5 11. Nd2 dxe4 12. Nxe4 Qe3+ 13. Be2 Ng6 14.
c4 Qxb3 15. axb3 Nf4 16. g3 Nxe2 17. Kxe2 Bf5 18. g4 Bg6 19. Rhd1 Rfe8 20. Ke3
f5 21. gxf5 Bxf5 22. Ra5 Bxe4 23. fxe4 Re7 24. Kf4 Rf8+ 25. Rf5 Rxf5+ 26. Kxf5
Kf7 27. e5 g6+ 28. Ke4 Ke6 29. Rd8 Rd7 30. Rh8 Rf7 31. h3 Re7 32. Ra8 a6 33.
Ra7 c6 34. Ra8 Rf7 35. Rb8 Rd7 36. b4 Re7 37. Rc8 Rd7 38. b5 axb5 39. cxb5 cxb5
40. Rc5 Re7 41. Rxb5 Rd7 42. Rb4 Re7 43. Rd4 Rd7 44. Rxd7 Kxd7 45. Kd5 Ke7 46.
e6 g5 47. Ke5 h5 48. Kf5 g4 49. hxg4 hxg4 50. Kxg4 Kxe6 51. Kf4 Kd5 52. Ke3 Kc4
53. Kd2 1/2-1/2

[Event "9eme Open International de La Fere"]
[Site "La Fere (FRA)"]
[Date "2010.07.06"]
[Round "5.27"]
[White "Delias, Gerard"]
[Black "Boudier, Eric"]
[Result "0-1"]
[WhiteElo "1512"]
[BlackElo "1862"]
[PlyCount "103"]
[EventDate "2010.??.??"]

1. c4 Nc6 2. d4 e5 3. d5 Nce7 4. e4 Ng6 5. Nf3 Bc5 6. Bd3 d6 7. O-O Nf6 8. h3
O-O 9. Nc3 a6 10. a3 h6 11. Re1 Nh7 12. Be3 Bxe3 13. Rxe3 Nf4 14. Ne2 g5 15.
Nh2 Qf6 16. Ng3 Qg7 17. Nf5 Bxf5 18. exf5 Nf6 19. Ng4 Nd7 20. Be2 h5 21. Nh2 f6
22. Qf1 Kf7 23. g3 h4 24. Rb3 hxg3 25. fxg3 Nc5 26. Rc3 Nh5 27. b4 Nd7 28. Bd1
Qh7 29. Bxh5+ Qxh5 30. g4 Qh6 31. Qf3 b6 32. Kg2 Rfe8 33. Qe4 a5 34. bxa5 Rxa5
35. Qe3 Nc5 36. Nf1 Raa8 37. Nd2 Ra4 38. Rh1 Rh8 39. Rb1 Qf8 40. Ne4 Nd7 41.
Rb4 Qa8 42. Rxa4 Qxa4 43. Qe2 Qa5 44. Qe3 Nc5 45. Nxc5 Qxc5 46. Qxc5 dxc5 47.
Kf2 Ke7 48. Ke2 Kd6 49. Re3 c6 50. dxc6 Kxc6 51. Kd3 Rd8+ 52. Ke4 0-1

[Event "9eme Open International de La Fere"]
[Site "La Fere (FRA)"]
[Date "2010.07.06"]
[Round "5.28"]
[White "Ben Porat, Tal"]
[Black "Perche, Louis"]
[Result "1-0"]
[WhiteElo "1849"]
[BlackElo "1545"]
[PlyCount "81"]
[EventDate "2010.??.??"]

1. e4 c6 2. d4 d5 3. exd5 cxd5 4. Bd3 Nc6 5. c3 Nf6 6. Bf4 e6 7. Nf3 Bd6 8.
Bxd6 Qxd6 9. Nbd2 O-O 10. O-O Bd7 11. Qc2 h6 12. Rae1 Rac8 13. Qd1 Qc7 14. Ne5
Qb6 15. Nb3 Nxe5 16. Rxe5 Bb5 17. Bxb5 Qxb5 18. f4 b6 19. f5 Rc5 20. fxe6 fxe6
21. Qe2 Qxe2 22. Rxe2 Ne4 23. Rxf8+ Kxf8 24. Nd2 Nxd2 25. Rxd2 Ke7 26. Rd3 Kf6
27. Rf3+ Kg6 28. Rf8 a5 29. Kf2 Rc7 30. Ke3 Rb7 31. Kf4 b5 32. Ke5 Rb6 33. Rd8
b4 34. Rd6 Rxd6 35. Kxd6 Kf5 36. cxb4 axb4 37. a4 bxa3 38. bxa3 Ke4 39. a4 Kxd4
40. a5 e5 41. a6 1-0

[Event "9eme Open International de La Fere"]
[Site "La Fere (FRA)"]
[Date "2010.07.06"]
[Round "5.29"]
[White "Jimenez, Martin"]
[Black "Rouffignac, Marie"]
[Result "1-0"]
[WhiteElo "1849"]
[BlackElo "1537"]
[PlyCount "91"]
[EventDate "2010.??.??"]

1. Nf3 d5 2. e3 Nf6 3. b3 Bf5 4. d4 e6 5. a3 Be7 6. Bd3 Bg6 7. O-O O-O 8. Ne5
Nbd7 9. Nxg6 hxg6 10. Bb2 c6 11. Nd2 Qc7 12. c4 dxc4 13. bxc4 c5 14. Qc2 Rfd8
15. Nf3 Bd6 16. h3 Rac8 17. Ng5 Nf8 18. Rac1 a6 19. Rfd1 Qc6 20. Nf3 b5 21. Qe2
bxc4 22. Rxc4 Qb6 23. Rdc1 Rc7 24. e4 Be7 25. Qc2 Rdc8 26. Nd2 N8d7 27. a4 Bd8
28. Qb3 Qxb3 29. Nxb3 cxd4 30. Rxc7 Rxc7 31. Rxc7 Bxc7 32. Bxd4 Nb8 33. f3 Nbd7
34. Kf2 Bb6 35. Ke3 e5 36. Bxb6 Nxb6 37. Nc5 Kf8 38. a5 Nbd7 39. Nxd7+ Nxd7 40.
Bxa6 Ke7 41. Bb5 Kd6 42. Bxd7 Kxd7 43. Kd3 Kc6 44. Kc4 f6 45. h4 f5 46. g4 1-0

[Event "9eme Open International de La Fere"]
[Site "La Fere (FRA)"]
[Date "2010.07.06"]
[Round "5.30"]
[White "Koechler, Thomas"]
[Black "Azzouz, Belkhelfa"]
[Result "1-0"]
[WhiteElo "1299"]
[BlackElo "1841"]
[PlyCount "33"]
[EventDate "2010.??.??"]

1. e4 e5 2. Nf3 Nc6 3. d4 exd4 4. Bc4 Qe7 5. O-O Qc5 6. b3 d6 7. Bb2 Bg4 8.
Nbd2 Ne5 9. Be2 Qb6 10. Bxd4 Qa5 11. Nxe5 dxe5 12. Nc4 Bxe2 13. Qxe2 Qa6 14.
Bxe5 O-O-O 15. Rfd1 Rxd1+ 16. Rxd1 f6 17. Qg4+ 1-0

[Event "9eme Open International de La Fere"]
[Site "La Fere (FRA)"]
[Date "2010.07.06"]
[Round "5.31"]
[White "Louis, Andre"]
[Black "Huyet, Yannick"]
[Result "0-1"]
[WhiteElo "1853"]
[BlackElo "1700"]
[PlyCount "75"]
[EventDate "2010.??.??"]

1. e4 e6 2. d4 d5 3. e5 c5 4. c3 Nc6 5. Nf3 Qb6 6. a3 Bd7 7. b4 cxb4 8. cxb4
Nge7 9. Nc3 Nf5 10. Na4 Qc7 11. Be2 Be7 12. Bf4 O-O 13. Rc1 a6 14. O-O Qd8 15.
Qd2 Ncxd4 16. Nxd4 Nxd4 17. Qxd4 Bxa4 18. Rc3 Bc6 19. Rg3 Re8 20. Bh6 g6 21.
Bd3 Bf8 22. Qf4 Bg7 23. Bg5 Qc7 24. Re1 f5 25. Rh3 Qf7 26. Ree3 Rac8 27. Rh4 h5
28. Rg3 Kh7 29. Rgh3 Rf8 30. g4 fxg4 31. Rxh5+ Kg8 32. Rh8+ Bxh8 33. Rxh8+ Kxh8
34. Bf6+ Kg8 35. Qxg4 Be8 36. h4 Rc6 37. h5 Qh7 38. hxg6 0-1

[Event "9eme Open International de La Fere"]
[Site "La Fere (FRA)"]
[Date "2010.07.06"]
[Round "5.32"]
[White "Durot, Edwige"]
[Black "Van Foreest, Jorden"]
[Result "1-0"]
[WhiteElo "1721"]
[BlackElo "1819"]
[PlyCount "107"]
[EventDate "2010.??.??"]

1. e4 c5 2. Nf3 d6 3. Bb5+ Nc6 4. O-O e6 5. d4 cxd4 6. Nxd4 Bd7 7. Nxc6 bxc6 8.
Bd3 Be7 9. Nc3 d5 10. Re1 Qb6 11. Rb1 Bc8 12. Na4 Qc7 13. b3 Nf6 14. Bb2 O-O
15. c4 Bb7 16. Rc1 Bb4 17. Bc3 Bxc3 18. Nxc3 d4 19. Ne2 c5 20. f3 a5 21. Qd2
Bc6 22. Qg5 h6 23. Qxc5 e5 24. Ng3 Nd7 25. Qa3 Qb6 26. Nf5 Qb4 27. Qxb4 axb4
28. Ne7+ Kh7 29. Nxc6 Nc5 30. Bb1 f6 31. Nxb4 Rfb8 32. Nd5 g5 33. Nxf6+ Kg6 34.
Nd5 Ra7 35. Kf2 Kg7 36. Rh1 Na6 37. h4 g4 38. f4 exf4 39. Nxf4 Nb4 40. Ne6+ Kf6
41. Nxd4 Nxa2 42. Nc6 Nxc1 43. Rxc1 g3+ 44. Ke2 Rab7 45. Nxb8 Rxb8 46. Rc3 Rg8
47. b4 Ke5 48. Rf3 Kd4 49. Rd3+ Ke5 50. Rd5+ Kf6 51. Kf3 Ra8 52. Kxg3 Ra1 53.
Bd3 h5 54. Rxh5 1-0

[Event "9eme Open International de La Fere"]
[Site "La Fere (FRA)"]
[Date "2010.07.06"]
[Round "5.33"]
[White "Gaubert, Virginie"]
[Black "Obert, Julien"]
[Result "1/2-1/2"]
[WhiteElo "1674"]
[BlackElo "1816"]
[PlyCount "50"]
[EventDate "2010.??.??"]

1. c4 Nc6 2. Nc3 e5 3. Nf3 f5 4. d4 e4 5. Bg5 Be7 6. Bxe7 Ncxe7 7. Nd2 Nf6 8.
e3 d6 9. Qb3 c6 10. Be2 Qb6 11. O-O Qxb3 12. axb3 O-O 13. Ra2 Bd7 14. Rfa1 a6
15. Na4 Rad8 16. Nb6 Nc8 17. Nxd7 Rxd7 18. b4 Ne7 19. Nb3 Rc7 20. Ra5 Nd7 21.
Kf1 Rfc8 22. Ke1 d5 23. c5 Nf6 24. Kd2 g5 25. Rf1 Rf8 1/2-1/2

[Event "9eme Open International de La Fere"]
[Site "La Fere (FRA)"]
[Date "2010.07.06"]
[Round "5.35"]
[White "Bedu, Jean-Pierre"]
[Black "Biyidi, Thomas"]
[Result "1-0"]
[WhiteElo "1640"]
[BlackElo "1789"]
[PlyCount "113"]
[EventDate "2010.??.??"]

1. d4 g6 2. c4 Bg7 3. Nc3 d6 4. e4 f5 5. Be3 fxe4 6. Nxe4 Nf6 7. Nxf6+ Bxf6 8.
Qd2 O-O 9. Bd3 Nc6 10. Ne2 Bg7 11. O-O-O Bd7 12. f3 a6 13. Bh6 e5 14. Bxg7 Kxg7
15. d5 Ne7 16. Qc3 b5 17. b3 c6 18. f4 cxd5 19. fxe5 b4 20. Qb2 dxc4 21. Bxc4
d5 22. e6+ Kg8 23. exd7 dxc4 24. bxc4 Nc6 25. Ng3 Rf4 26. Rhf1 Rxc4+ 27. Kb1 b3
28. axb3 Rb8 29. Rf3 Rcb4 30. Ne2 Qb6 31. Nc1 g5 32. Rc3 Nd8 33. Rdd3 a5 34.
Re3 Qg6+ 35. Rcd3 Ne6 36. Rxe6 Qxe6 37. d8=Q+ Rxd8 38. Rxd8+ Kf7 39. Qf2+ Rf4
40. Qa7+ Kg6 41. Qc5 Qe4+ 42. Qc2 Qxc2+ 43. Kxc2 Rf2+ 44. Rd2 Rf5 45. Kb2 Rf7
46. Ka3 Ra7 47. Ka4 Kh5 48. Ne2 Rb7 49. Rb2 Ra7 50. Ng3+ Kg4 51. Ne4 Kf4 52.
Nd6 Rd7 53. Nc4 Rd1 54. Kxa5 Ra1+ 55. Kb4 Ra7 56. g3+ Kg4 57. Kc5 1-0

[Event "9eme Open International de La Fere"]
[Site "La Fere (FRA)"]
[Date "2010.07.06"]
[Round "5.36"]
[White "Navel, Jean-Yves"]
[Black "Pruvost, Alain"]
[Result "1/2-1/2"]
[WhiteElo "1776"]
[BlackElo "1623"]
[PlyCount "74"]
[EventDate "2010.??.??"]

1. e4 c5 2. Nf3 Qa5 3. Nc3 Nc6 4. Bc4 e6 5. O-O a6 6. d4 cxd4 7. Nxd4 b5 8. Bd3
Bb7 9. Nxc6 dxc6 10. Be3 Nf6 11. f4 Rd8 12. Qe1 b4 13. e5 Ng4 14. Ne4 Nxe3 15.
Qxe3 Be7 16. Kh1 O-O 17. Qh3 g6 18. Rf3 Kg7 19. Qg3 c5 20. f5 exf5 21. Rxf5
Bxe4 22. Bxe4 Rd4 23. Rf4 Qd8 24. Bd3 c4 25. Bxc4 Rd1+ 26. Rf1 Rxa1 27. Rxa1
Qd4 28. Bb3 Qxb2 29. Rf1 a5 30. Qf4 f6 31. e6 Qe5 32. Qf3 Qb5 33. Rd1 Rd8 34.
Rxd8 Bxd8 35. Qd1 Be7 36. h3 Qe5 37. Qd7 Qe1+ 1/2-1/2

[Event "9eme Open International de La Fere"]
[Site "La Fere (FRA)"]
[Date "2010.07.06"]
[Round "5.37"]
[White "Swiercz, Sonia"]
[Black "Lever, Erwan"]
[Result "1/2-1/2"]
[WhiteElo "1762"]
[BlackElo "1595"]
[PlyCount "68"]
[EventDate "2010.??.??"]

1. e4 c5 2. Nf3 d6 3. d4 cxd4 4. Nxd4 Nf6 5. Nc3 g6 6. Be3 Bg7 7. Be2 a6 8. O-O
b5 9. a3 Bb7 10. Bf3 O-O 11. Qd2 Re8 12. Bh6 Nbd7 13. Bxg7 Kxg7 14. Nd5 Bxd5
15. exd5 Nb6 16. Qg5 Qc8 17. Nc6 h6 18. Qd2 Nc4 19. Qd4 Qf5 20. Rac1 Ne5 21.
Nxe5 Qxe5 22. Qxe5 dxe5 23. Rfe1 Nd7 24. d6 Rad8 25. dxe7 Rxe7 26. h3 Nc5 27.
b4 Na4 28. c4 Nb2 29. Be2 Nd3 30. Bxd3 Rxd3 31. Re3 e4 32. cxb5 axb5 33. Rc3
Red7 34. f3 Rxe3 1/2-1/2